00371 2200157 4500245004400000020002200044250001100066100001400077650001600091005001900107260002900126041001400155084000800169300002700177336000900204 aCahaya Cinta PesantrencIra MadanhText a978-602-257-928-1 aCet. 3 aIra Madan aNovel Fiksi a20230110071411 aSolobTinta Medinac2016 aIndonesia a813 axx, 292 hlm. :c20 cm. atext